Länder nach Bild #5 - Statistiken

Allgemein
  • Dieses Quiz wurde 3.621 mal gespielt
  • Das Durchschnittsergebnis liegt bei 9 aus 15
Antwortstatistiken
Bildquiz Antwort % Korrekt
Griechenland
97%
Vereinigte Staaten
97%
Indien
95%
Japan
94%
Ägypten
79%
Vereinigte Arabische Emirate
73%
Norwegen
67%
Frankreich
66%
Thailand
63%
Tschechien
49%
Indonesien
42%
Brasilien
26%
Kasachstan
24%
Jemen
18%
Armenien | Türkei
16%
Keine übereinstimmenden Quizze gefunden
Verteilung der Resultate
Anzahl Personen mit jedem Resultat
Perzentil nach korrekt beantworteten Fragen
Ihre Resultats-Entwicklung
Sie haben dieses Quiz noch nicht gespielt